Maiores Artilheiros Seleção da Holanda - Statistics

Estatísticas Gerais
  • Esse quiz foi jogado 77 vezes
    48 desde o último reset
  • A pontuação média é 5 de 10
Estatísticas das Respostas
Gols Jogos Período Jogador % Correto
37 96 2003-2017 Arjen Robben
93%
50 102 2005-2017 Robin van Persie
85%
33 48 1966-1977 Johan Cruyff / Johan Cruijff
75%
43 133 2013-presente Memphis Depay
75%
37 79 1990-2000 Dennis Bergkamp
55%
40 79 1994-2004 Patrick Kluivert
43%
35 70 1998-2011 Ruud van Nistelrooy
43%
42 76 2006-2015 Klaas-Jan Huntelaar
28%
33 47 1940-1959 Abe Lenstra
3%
35 38 1946-1961 Faas Wilkes
3%
Nenhum quiz correspondente encontrado
Distribuição das Pontuações
Porcentagem de Pessoas com Cada Pontuação
Percentil de Números Respondidos
Sua Pontuação Histórica
Você não jogou esse quiz desde o último reset